000 00824cam a22002654a 4500
001 2963
005 20250825140230.0
020 _a9780811854054
040 _aDLC
_cDLC
_dDLC
_beng
050 0 0 _aQB641.S4947
_b 2006
082 0 0 _a523.43
100 1 _aSimon, Seymour
245 1 0 _aPlanet Mars /
_cSeymour Simon.
250 _aThis edition was published in 2006
260 _aSan Francisco :
_bChronicle Book LLC ,
_c2006
300 _a31 unnumbered pages ;
_bcolor illustrations, map ;
_c24 cm.
490 _aSeemore readers
505 _aQ
520 _aUsing simple text and illustrations, introduces readers to the red planet Mars.
521 _a670
_bLexile
521 _aQ
_bRaz-Plus
650 _aplanet
_vnon-fiction
906 _a7
_bcbc
_corignew
_d1
_eecip
_f20
_gy-gencatlg
942 _2ddc
_cBK
_n0
999 _c2963
_d2963